| 000 | 00549nam a2200181Ia 4500 | ||
|---|---|---|---|
| 999 |
_c6741 _d6741 |
||
| 008 | 200103s 1985 ||||xx |||||||||||||| ||und|| | ||
| 082 |
_a510.2462 _bKRE |
||
| 100 | _aKreyszig, Erwin | ||
| 245 | 0 | _aAdvanced engineering mathematics | |
| 250 | _a5th | ||
| 260 |
_bWiley Eastern Ltd. _c1985 _aNew Delhi |
||
| 300 | _axvii,988p. | ||
| 504 | _a"Includes Appendix and Index". | ||
| 650 | _aVector differential calculus, vector fields | ||
| 650 | _aLine and Surface Intergrals. Integral Theorems | ||
| 650 | _aComplex Integrals | ||
| 942 | _cBK | ||